Piłkarze z największą liczbą tytułów Mistrza Włoch - Statystyki

Ogólne statystyki
  • Ten quiz został rozwiązany 61 razy
  • Średni wynik to 4 z 14
Statystyki odpowiedzi
Piłkarz Ilość Tytułów % Poprawnych
Gianluigi Buffon 10
95%
Paolo Maldini 7
77%
Leonardo Bonucci 9
75%
Giorgio Chiellini 9
70%
Andrea Barzagli 9
54%
Claudio Marchisio 7
38%
Alessandro Costacurta 7
11%
Stephan Lichtsteiner 7
7%
Giovanni Ferrari 8
4%
Ciro Ferrara 7
2%
Gaetano Scirea 7
2%
Giuseppe Furino 8
0%
Roberto Bettega 7
0%
Virginio Rosetta 8
0%
Nie znaleziono quizów pasujących do podanych kryteriów
Rozkład punktacji
Procent ludzi z każdym wynikiem
Percentyl według liczby udzielonych odpowiedzi
Twoja historia wyników
Nie rozwiązałeś tego quizu